1323 1391 1600 1509 1179 1510 1315 1623 1603 1833 1213 1987 1769 1037 1561 1630 1983 1785 1510 1034 1031 1319 1289 1823 1069 1354 1174 1614 1272 1150 1065 1717 1800 1631 1796 2000 1209 1175 1260 1392 1652 1612 1087 1770 1877 1193 1701 1991 1412 1811 1286 1035 1130 1995 1208 1721 1133 1687 1558 1580 1377 1377 1683 1579 1990 1302 1200 1772 1549 1721 1153 1617 1775 1507 1761 1768 1861 1216 1513 1638 1184 1778 1278 1715 1316 1583 1878 1756 1504 1985 1350 1402 1898 1754 1413 1913 1332 1983 1239 BCNSPRNW ULIB Ver.6.0+V

เปลี่ยนเป็นภาษาไทย

Change to English
 แสดงรายละเอียดบรรณานุกรม
  กลับหน้าหลัก

Brief Record : Get Marc (ISO 2709) : E-mail record : QR code < ปิดหน้าต่าง
LEADER : 00000nam 2200000uu 4500
001    13399108637
003     ULIB
008    110310s2544||||th 000 0 tha d
060 04 QZ1.JT3^bก499ผ 2544
100 0  สถาบันมะเร็งแห่งชาติ
245 10 ผลงานประจำปี 2544 /^cสถาบันมะเร็งแห่งชาติ กรมการแพทย์กระทรวงสาธารณสุข
260    กรุงเทพฯ :^bโรงพิมพ์ชุมนุมสหกรณ์การเกษตรแห่งประเทศไทย,^c2544
300    201หน้า :^bภาพประกอบ ;^c30 ซม.
650  7 มะเร็ง^xสถิติและข้อมูลตัวเลข
650  7 เนื้องอก^xสถิติและข้อมูลตัวเลข
730 02 ผลงานประจำปี (สถาบันมะเร็งแห่งชาติ) 2544
945    ^p0^l0^i015646
995    ทศพร
999 ^a ใช้งานได้ทุกระบบ
รายการนี้ยังไม่มีแท็ก
คุณยังไม่ได้ล็อกอิน คุณสามารถมีกิจกรรมร่วมกับเว็บไซต์ได้ แต่ต้องล็อกอินก่อน ::
  ล็อกอิน

รายการสื่อสารสนเทศ

ลำดับที่ ประเภท เลขเรียก/บาร์โค้ด สถานที่ สถานะ
- ไม่พบข้อมูล -

รายการใกล้เคียง
    ผู้แต่ง [สถาบันมะเร็งแห่งชาติ]

BibComment


ยังไม่เคยถูกคอมเมนท์

คอมเมนท์ทรัพยากรรายการนี้
  คอมเมนท์: ผลงานประจำปี 2544..


 Copyright 2026. Bcnsprnw @Library